Statistics for Where Can You Find this Place? - A

Click here to take the quiz!

General Stats

  • This quiz has been taken 24 times
  • The average score is 11 of 20

Answer Stats

Question Answer % Correct
AarhusDenmark
77%
AlmatyKazakhstan
77%
AnnapolisMaryland
73%
AomoriJapan
68%
AngleseyWales
68%
Andaman IslandsIndia
64%
AkrotiriCyprus
64%
ApiaSamoa
59%
Antigua and BarbudaLesser Antilles
59%
AdapazariTurkey
55%
AmritsarPunjab
55%
AugsburgBavaria
45%
AntibesFrench Riviera
45%
AtticaAthens
45%
AlagoasBrazil
41%
AngelesPhilippines
41%
AconcaguaArgentina
41%
AlburyNew South Wales
36%
Ar-RayyanQatar
27%
Axel Heiberg IslandNunavut
23%

Score Distribution

Percentile by Number Answered

Percent of People with Each Score

Your Score History

You have not taken this quiz